[Event "Aleksandria Cup"]
[Site "?"]
[Date "2015.07.14"]
[Round "3.12"]
[White "Bernadskiy, Vitaliy"]
[Black "Basencyan, Mark"]
[Result "1-0"]
[LiveChessVersion "1.3.1"]
[BlackElo "2165"]
[WhiteElo "2548"]

1. e4 {[%clk 1:30:57]} e5 {[%clk 1:30:17]} 2. Nf3 {[%clk 1:31:23]} Nf6
{[%clk 1:30:39]} 3. Nxe5 {[%clk 1:31:22]} d6 {[%clk 1:31:01]} 4. Nf3
{[%clk 1:31:08]} Nxe4 {[%clk 1:31:22]} 5. Bd3 {[%clk 1:31:18]} Nf6
{[%clk 1:31:05]} 6. O-O {[%clk 1:31:17]} Be7 {[%clk 1:31:28]} 7. h3
{[%clk 1:31:08]} O-O {[%clk 1:30:21]} 8. c3 {[%clk 1:31:36]} Nbd7
{[%clk 1:10:33]} 9. Bc2 {[%clk 1:30:16]} d5 {[%clk 1:10:55]} 10. d4
{[%clk 1:25:08]} Ne4 {[%clk 1:09:22]} 11. Bf4 {[%clk 1:22:24]} Bd6
{[%clk 1:05:18]} 12. Bxd6 {[%clk 1:22:23]} Nxd6 {[%clk 1:04:29]} 13. Ne5
{[%clk 1:14:07]} Nf6 {[%clk 1:00:03]} 14. Nd2 {[%clk 1:07:35]} Bf5
{[%clk 0:57:12]} 15. Bxf5 {[%clk 1:07:52]} Nxf5 {[%clk 0:57:39]} 16. Qb3
{[%clk 1:07:56]} Nd6 {[%clk 0:56:59]} 17. Rfe1 {[%clk 1:07:48]} c6
{[%clk 0:57:00]} 18. Re2 {[%clk 1:06:25]} Qb6 {[%clk 0:50:36]} 19. Qc2
{[%clk 1:06:12]} Qa6 {[%clk 0:44:52]} 20. Nb3 {[%clk 1:05:45]} Qb6
{[%clk 0:43:00]} 21. Rae1 {[%clk 1:05:45]} Qc7 {[%clk 0:43:14]} 22. Qc1
{[%clk 1:03:12]} Rfe8 {[%clk 0:35:30]} 23. Qf4 {[%clk 1:00:25]} Re7
{[%clk 0:33:23]} 24. Ng4 {[%clk 0:50:51]} Nde4 {[%clk 0:31:56]} 25. Qxc7
{[%clk 0:49:11]} Rxc7 {[%clk 0:32:18]} 26. f3 {[%clk 0:49:16]} Nxg4
{[%clk 0:31:16]} 27. fxe4 {[%clk 0:49:38]} Nf6 {[%clk 0:31:39]} 28. exd5
{[%clk 0:49:19]} cxd5 {[%clk 0:32:03]} 29. Nc5 {[%clk 0:48:30]} Kf8
{[%clk 0:25:35]} 30. g4 {[%clk 0:44:53]} h6 {[%clk 0:25:45]} 31. Kg2
{[%clk 0:44:26]} Re8 {[%clk 0:25:41]} 32. Rxe8+ {[%clk 0:44:04]} Nxe8
{[%clk 0:26:05]} 33. Re5 {[%clk 0:44:08]} Nf6 {[%clk 0:26:02]} 34. Kf3
{[%clk 0:43:46]} a5 {[%clk 0:19:29]} 35. h4 {[%clk 0:43:18]} b6 {[%clk 0:19:50]}
36. Na4 {[%clk 0:42:25]} b5 {[%clk 0:16:44]} 37. Nc5 {[%clk 0:42:50]} b4
{[%clk 0:13:53]} 38. g5 {[%clk 0:42:13]} hxg5 {[%clk 0:13:06]} 39. hxg5
{[%clk 0:42:38]} Ne4 {[%clk 0:00:45]} 40. Nxe4 {[%clk 1:11:59]} dxe4+
{[%clk 0:31:09]} 41. Kxe4 {[%clk 1:12:27]} bxc3 {[%clk 0:31:32]} 42. bxc3
{[%clk 1:12:55]} Rxc3 {[%clk 0:31:55]} 43. Rxa5 {[%clk 1:13:18]} Ke7
{[%clk 0:32:09]} 44. Ra7+ {[%clk 1:11:58]} Ke8 {[%clk 0:31:26]} 45. Kd5
{[%clk 1:09:53]} Re3 {[%clk 0:28:49]} 46. Kc5 {[%clk 1:08:03]} f5
{[%clk 0:21:06]} 47. g6 {[%clk 1:06:50]} Rg3 {[%clk 0:14:11]} 48. Rxg7
{[%clk 1:05:50]} f4 {[%clk 0:14:37]} 49. Kd6 {[%clk 1:05:53]} Kf8
{[%clk 0:15:03]} 50. Rf7+ {[%clk 1:06:20]} Ke8 {[%clk 0:15:28]} 51. Rxf4
{[%clk 1:06:34]} Rxg6+ {[%clk 0:15:53]} 52. Kc7 {[%clk 1:06:46]} Ra6
{[%clk 0:16:08]} 53. Re4+ {[%clk 1:07:10]} Kf7 {[%clk 0:16:34]} 54. Re2
{[%clk 1:07:30]} 1-0

[Event "Aleksandria Cup"]
[Site "?"]
[Date "2015.07.14"]
[Round "3.13"]
[White "Rasulov, Vugar"]
[Black "Mammadov, Gulam"]
[Result "1-0"]
[LiveChessVersion "1.3.1"]
[BlackElo "2175"]
[WhiteElo "2504"]

1. e4 {[%clk 1:30:52]} g6 {[%clk 1:30:51]} 2. d4 {[%clk 1:31:05]} Bg7
{[%clk 1:31:18]} 3. Nc3 {[%clk 1:31:21]} d6 {[%clk 1:31:35]} 4. Bg5
{[%clk 1:31:14]} Nd7 {[%clk 1:31:31]} 5. Qd2 {[%clk 1:31:20]} Ngf6
{[%clk 1:29:55]} 6. O-O-O {[%clk 1:31:34]} h6 {[%clk 1:29:33]} 7. Be3
{[%clk 1:25:16]} Ng4 {[%clk 1:17:43]} 8. Bf4 {[%clk 1:25:39]} c5 {[%clk 1:14:38]}
9. dxc5 {[%clk 1:24:56]} Nxc5 {[%clk 1:14:46]} 10. f3 {[%clk 1:23:54]} Ne5
{[%clk 1:15:06]} 11. Be3 {[%clk 1:21:23]} Qa5 {[%clk 1:08:22]} 12. a3
{[%clk 1:18:34]} Be6 {[%clk 1:03:39]} 13. Kb1 {[%clk 1:17:00]} a6
{[%clk 1:00:58]} 14. Bd4 {[%clk 1:16:48]} O-O {[%clk 0:58:36]} 15. f4
{[%clk 1:12:59]} Nc6 {[%clk 0:56:35]} 16. Bxg7 {[%clk 1:13:20]} Kxg7
{[%clk 0:57:04]} 17. Nf3 {[%clk 1:12:53]} b5 {[%clk 0:48:37]} 18. Nd4
{[%clk 1:13:13]} Qb6 {[%clk 0:42:59]} 19. Nd5 {[%clk 1:01:06]} Bxd5
{[%clk 0:34:32]} 20. exd5 {[%clk 1:01:26]} Nxd4 {[%clk 0:33:13]} 21. Qxd4+
{[%clk 1:01:49]} f6 {[%clk 0:33:23]} 22. h4 {[%clk 1:01:23]} a5 {[%clk 0:27:35]}
23. h5 {[%clk 0:58:28]} b4 {[%clk 0:24:08]} 24. a4 {[%clk 0:58:56]} Nxa4
{[%clk 0:24:04]} 25. Qd3 {[%clk 0:58:17]} Nc3+ {[%clk 0:18:14]} 26. Ka1
{[%clk 0:58:45]} Nxd1 {[%clk 0:17:24]} 27. Qxg6+ {[%clk 0:59:05]} Kh8
{[%clk 0:17:52]} 28. Qxh6+ {[%clk 0:59:10]} Kg8 {[%clk 0:18:21]} 29. Rh3
{[%clk 0:58:12]} Qf2 {[%clk 0:18:22]} 30. Qg6+ {[%clk 0:51:49]} Kh8
{[%clk 0:18:51]} 31. Bd3 {[%clk 0:51:45]} f5 {[%clk 0:18:43]} 32. Qh6+
{[%clk 0:41:00]} Kg8 {[%clk 0:19:11]} 33. Qg5+ {[%clk 0:39:37]} Kh8
{[%clk 0:10:30]} 34. Rg3 {[%clk 0:38:51]} Rf7 {[%clk 0:10:03]} 35. Bxf5
{[%clk 0:39:15]} Qxg3 {[%clk 0:10:21]} 36. Qxg3 {[%clk 0:39:39]} Rxf5
{[%clk 0:10:45]} 37. Qf3 {[%clk 0:39:13]} a4 {[%clk 0:09:04]} 38. g4
{[%clk 0:36:39]} a3 {[%clk 0:08:38]} 39. Qxd1 {[%clk 0:36:30]} Rxf4
{[%clk 0:07:58]} 40. Qd2 {[%clk 1:06:49]} Raf8 {[%clk 0:35:29]} 41. bxa3
{[%clk 1:07:03]} bxa3 {[%clk 0:35:38]} 42. Ka2 {[%clk 1:07:30]} Kg7
{[%clk 0:32:29]} 43. Qe3 {[%clk 1:03:13]} R8f7 {[%clk 0:32:23]} 44. g5
{[%clk 1:03:18]} R4f5 {[%clk 0:32:27]} 45. Qe6 {[%clk 1:02:24]} Re5
{[%clk 0:27:03]} 46. h6+ {[%clk 1:02:36]} Kg8 {[%clk 0:26:29]} 47. Qg6+
{[%clk 1:03:01]} Kf8 {[%clk 0:26:49]} 48. h7 {[%clk 1:03:23]} Rxh7
{[%clk 0:27:03]} 49. Qxh7 {[%clk 1:03:50]} Rxg5 {[%clk 0:27:30]} 50. Qh6+
{[%clk 1:04:15]} Rg7 {[%clk 0:27:57]} 51. Kxa3 {[%clk 1:04:39]} Kf7
{[%clk 0:28:22]} 52. Qe6+ {[%clk 1:05:04]} Kf8 {[%clk 0:28:41]} 53. Kb4
{[%clk 1:05:31]} Rf7 {[%clk 0:28:36]} 54. Qh6+ {[%clk 1:05:53]} Ke8
{[%clk 0:28:38]} 55. Qh5 {[%clk 1:06:19]} 1-0

[Event "Aleksandria Cup"]
[Site "?"]
[Date "2015.07.14"]
[Round "3.14"]
[White "Vakhania, Alexandra"]
[Black "Harutjunyan, Gevorg"]
[Result "0-1"]
[LiveChessVersion "1.3.1"]
[BlackElo "2449"]
[WhiteElo "2178"]

1. Nf3 {[%clk 1:30:53]} Nf6 {[%clk 1:30:53]} 2. d4 {[%clk 1:31:17]} g6
{[%clk 1:31:08]} 3. Bg5 {[%clk 1:31:10]} Bg7 {[%clk 1:31:29]} 4. e3
{[%clk 1:31:34]} O-O {[%clk 1:30:50]} 5. Bd3 {[%clk 1:30:22]} d6 {[%clk 1:29:21]}
6. Nbd2 {[%clk 1:29:03]} c5 {[%clk 1:22:58]} 7. O-O {[%clk 1:27:38]} cxd4
{[%clk 1:22:51]} 8. Bxf6 {[%clk 1:26:56]} Bxf6 {[%clk 1:23:09]} 9. exd4
{[%clk 1:27:24]} Nc6 {[%clk 1:21:42]} 10. c3 {[%clk 1:27:43]} Qc7
{[%clk 1:16:17]} 11. Re1 {[%clk 1:26:17]} Rb8 {[%clk 1:10:30]} 12. Qe2
{[%clk 1:23:52]} Be6 {[%clk 0:59:02]} 13. Ne4 {[%clk 1:17:23]} Bg7
{[%clk 0:59:03]} 14. Neg5 {[%clk 1:16:52]} Bd5 {[%clk 0:57:28]} 15. Be4
{[%clk 1:16:17]} Bxe4 {[%clk 0:57:20]} 16. Qxe4 {[%clk 1:16:11]} h6
{[%clk 0:55:28]} 17. Nh3 {[%clk 1:13:53]} e5 {[%clk 0:53:53]} 18. dxe5
{[%clk 1:06:56]} dxe5 {[%clk 0:54:07]} 19. Kh1 {[%clk 1:07:11]} f5
{[%clk 0:44:09]} 20. Qe2 {[%clk 0:58:18]} Qf7 {[%clk 0:40:20]} 21. Nd2
{[%clk 0:57:18]} b5 {[%clk 0:37:32]} 22. a3 {[%clk 0:56:40]} a5 {[%clk 0:35:54]}
23. f3 {[%clk 0:55:50]} Rfd8 {[%clk 0:34:58]} 24. Nf2 {[%clk 0:52:21]} Rd6
{[%clk 0:22:36]} 25. a4 {[%clk 0:51:42]} Rbd8 {[%clk 0:22:35]} 26. Red1
{[%clk 0:52:05]} bxa4 {[%clk 0:19:39]} 27. Nc4 {[%clk 0:51:41]} Rxd1+
{[%clk 0:19:30]} 28. Rxd1 {[%clk 0:50:54]} Rxd1+ {[%clk 0:16:08]} 29. Nxd1
{[%clk 0:51:17]} h5 {[%clk 0:13:12]} 30. Nde3 {[%clk 0:48:04]} Bf8
{[%clk 0:10:49]} 31. Qd3 {[%clk 0:45:38]} Bc5 {[%clk 0:10:39]} 32. g3
{[%clk 0:44:47]} Qe6 {[%clk 0:08:35]} 33. Kg2 {[%clk 0:44:01]} Kf7
{[%clk 0:08:46]} 34. Qd5 {[%clk 0:38:07]} Bxe3 {[%clk 0:05:54]} 35. Nxe3
{[%clk 0:38:35]} f4 {[%clk 0:05:43]} 36. Qxe6+ {[%clk 0:35:11]} Kxe6
{[%clk 0:06:10]} 37. Nc4 {[%clk 0:35:05]} Kd5 {[%clk 0:05:14]} 38. Nb6+
{[%clk 0:34:53]} Kc5 {[%clk 0:05:32]} 39. Nxa4+ {[%clk 0:35:19]} Kc4
{[%clk 0:05:47]} 40. gxf4 {[%clk 1:00:52]} exf4 {[%clk 0:35:40]} 41. b4
{[%clk 1:00:23]} Kb5 {[%clk 0:33:03]} 42. Nc5 {[%clk 1:00:45]} a4
{[%clk 0:32:50]} 43. Kf2 {[%clk 1:00:41]} a3 {[%clk 0:32:33]} 44. Ke2
{[%clk 1:00:04]} Kc4 {[%clk 0:32:02]} 0-1

[Event "Aleksandria Cup"]
[Site "?"]
[Date "2015.07.14"]
[Round "3.15"]
[White "Pourramezanali, Amirreza"]
[Black "Babayan, Armine"]
[Result "1-0"]
[LiveChessVersion "1.3.1"]
[BlackElo "2154"]
[WhiteElo "2441"]

1. e4 {[%clk 1:30:59]} c5 {[%clk 1:25:15]} 2. c3 {[%clk 1:31:22]} Nf6
{[%clk 1:25:14]} 3. e5 {[%clk 1:31:47]} Nd5 {[%clk 1:25:42]} 4. Nf3
{[%clk 1:32:11]} e6 {[%clk 1:25:45]} 5. d4 {[%clk 1:32:36]} cxd4 {[%clk 1:26:12]}
6. cxd4 {[%clk 1:33:03]} Nc6 {[%clk 1:26:31]} 7. Bd3 {[%clk 1:33:12]} d6
{[%clk 1:25:46]} 8. O-O {[%clk 1:33:33]} Be7 {[%clk 1:24:57]} 9. Nc3
{[%clk 1:32:52]} Nxc3 {[%clk 1:25:01]} 10. bxc3 {[%clk 1:33:20]} dxe5
{[%clk 1:25:20]} 11. dxe5 {[%clk 1:33:48]} Qa5 {[%clk 1:25:08]} 12. Re1
{[%clk 1:32:00]} Qxc3 {[%clk 1:21:18]} 13. Rb1 {[%clk 1:31:29]} O-O
{[%clk 1:16:09]} 14. Rb3 {[%clk 1:29:50]} Qa5 {[%clk 1:16:27]} 15. Bd2
{[%clk 1:28:50]} Qd8 {[%clk 1:11:17]} 16. Qc2 {[%clk 1:26:08]} g6
{[%clk 1:09:35]} 17. h4 {[%clk 1:25:04]} Bxh4 {[%clk 1:00:34]} 18. Bh6
{[%clk 1:25:04]} Be7 {[%clk 0:41:23]} 19. Bxf8 {[%clk 1:25:19]} Bxf8
{[%clk 0:41:47]} 20. Be4 {[%clk 1:24:03]} Qc7 {[%clk 0:33:19]} 21. Reb1
{[%clk 1:22:19]} Qd7 {[%clk 0:30:11]} 22. Rd1 {[%clk 1:18:57]} Qe8
{[%clk 0:27:49]} 23. Bxc6 {[%clk 1:18:19]} bxc6 {[%clk 0:28:08]} 24. Ng5
{[%clk 1:18:31]} Be7 {[%clk 0:25:51]} 25. Ne4 {[%clk 1:18:14]} c5
{[%clk 0:20:53]} 26. Nf6+ {[%clk 1:17:43]} Bxf6 {[%clk 0:21:18]} 27. exf6
{[%clk 1:18:09]} Bd7 {[%clk 0:20:50]} 28. Qd2 {[%clk 1:17:01]} Ba4
{[%clk 0:20:33]} 29. Rh3 {[%clk 1:17:29]} Qf8 {[%clk 0:20:50]} 30. Rc1
{[%clk 1:17:47]} Rd8 {[%clk 0:17:41]} 31. Qg5 {[%clk 1:16:41]} Bc6
{[%clk 0:15:16]} 32. Qxc5 {[%clk 1:16:24]} Qxc5 {[%clk 0:11:30]} 33. Rxc5
{[%clk 1:16:53]} Bd5 {[%clk 0:11:55]} 34. Ra3 {[%clk 1:17:15]} h5
{[%clk 0:12:22]} 35. Rxa7 {[%clk 1:17:39]} Rb8 {[%clk 0:12:02]} 36. a4
{[%clk 1:17:51]} h4 {[%clk 0:11:32]} 37. a5 {[%clk 1:18:06]} g5 {[%clk 0:10:25]}
38. Rac7 {[%clk 1:17:33]} Rb1+ {[%clk 0:10:20]} 39. Rc1 {[%clk 1:18:00]} Rb5
{[%clk 0:10:42]} 40. Ra1 {[%clk 1:48:15]} Rb4 {[%clk 0:39:31]} 41. a6
{[%clk 1:45:58]} Rg4 {[%clk 0:39:51]} 42. a7 {[%clk 1:46:21]} Bxg2
{[%clk 0:40:17]} 43. Kh2 {[%clk 1:46:40]} Kh7 {[%clk 0:39:06]} 44. Rg1
{[%clk 1:46:38]} 1-0

[Event "Aleksandria Cup"]
[Site "?"]
[Date "2015.07.14"]
[Round "3.16"]
[White "Yayloyan, Konstantin"]
[Black "Mikaelyan, Arman"]
[Result "0-1"]
[LiveChessVersion "1.3.1"]
[BlackElo "2436"]
[WhiteElo "2173"]

1. e4 {[%clk 1:30:58]} c5 {[%clk 1:21:01]} 2. Nf3 {[%clk 1:31:01]} e6
{[%clk 1:21:26]} 3. Nc3 {[%clk 1:31:12]} a6 {[%clk 1:21:39]} 4. d4
{[%clk 1:31:37]} cxd4 {[%clk 1:22:04]} 5. Nxd4 {[%clk 1:32:03]} Qc7
{[%clk 1:22:21]} 6. Qf3 {[%clk 1:31:58]} d6 {[%clk 1:22:37]} 7. Qg3
{[%clk 1:28:45]} Nd7 {[%clk 1:22:16]} 8. Bd3 {[%clk 1:28:20]} b5 {[%clk 1:21:04]}
9. a3 {[%clk 1:28:07]} Bb7 {[%clk 1:21:06]} 10. O-O {[%clk 1:28:22]} Ngf6
{[%clk 1:20:23]} 11. Bd2 {[%clk 1:28:20]} g6 {[%clk 1:17:57]} 12. Rae1
{[%clk 1:25:50]} e5 {[%clk 1:16:28]} 13. Nde2 {[%clk 1:14:54]} Bg7
{[%clk 1:15:42]} 14. f4 {[%clk 0:43:19]} O-O {[%clk 1:11:55]} 15. f5
{[%clk 0:40:35]} Rae8 {[%clk 0:57:28]} 16. Qh4 {[%clk 0:35:41]} d5
{[%clk 0:46:25]} 17. Ng3 {[%clk 0:32:13]} d4 {[%clk 0:44:17]} 18. Nd1
{[%clk 0:32:17]} Nc5 {[%clk 0:44:06]} 19. Nf2 {[%clk 0:30:44]} h5
{[%clk 0:43:29]} 20. Bg5 {[%clk 0:26:49]} Qb6 {[%clk 0:43:00]} 21. Nd1
{[%clk 0:18:16]} Rc8 {[%clk 0:41:59]} 22. Rf3 {[%clk 0:18:12]} Rc6
{[%clk 0:36:14]} 23. Ref1 {[%clk 0:17:49]} Bc8 {[%clk 0:36:02]} 24. Nh1
{[%clk 0:13:45]} Bxf5 {[%clk 0:23:32]} 25. exf5 {[%clk 0:10:14]} e4
{[%clk 0:23:53]} 26. Rg3 {[%clk 0:09:53]} exd3 {[%clk 0:24:11]} 27. cxd3
{[%clk 0:10:09]} Ncd7 {[%clk 0:20:56]} 28. Nhf2 {[%clk 0:09:30]} Kh7
{[%clk 0:18:20]} 29. Ne4 {[%clk 0:09:14]} Nxe4 {[%clk 0:15:51]} 30. Qxe4
{[%clk 0:09:36]} Nf6 {[%clk 0:15:48]} 31. Qh4 {[%clk 0:08:53]} Rc2
{[%clk 0:12:44]} 32. Rgf3 {[%clk 0:07:18]} Qc6 {[%clk 0:10:37]} 33. Qxd4
{[%clk 0:05:52]} gxf5 {[%clk 0:10:18]} 34. Qf4 {[%clk 0:04:36]} Ng4
{[%clk 0:09:29]} 35. Qxf5+ {[%clk 0:04:11]} Kg8 {[%clk 0:08:51]} 36. Ne3
{[%clk 0:03:16]} Rc5 {[%clk 0:09:10]} 37. Qf4 {[%clk 0:01:01]} Be5
{[%clk 0:09:36]} 38. Nxg4 {[%clk 0:00:37]} Bxf4 {[%clk 0:10:01]} 39. Nf6+
{[%clk 0:01:05]} Kh8 {[%clk 0:09:59]} 40. Bxf4 0-1

[Event "Aleksandria Cup"]
[Site "?"]
[Date "2015.07.14"]
[Round "3.17"]
[White "Kekelidze, Mikheil"]
[Black "Qalagashvili, Pridon"]
[Result "1-0"]
[LiveChessVersion "1.3.1"]
[BlackElo "2137"]
[WhiteElo "2426"]

1. d4 {[%clk 1:28:18]} c5 {[%clk 1:30:54]} 2. d5 {[%clk 1:28:45]} e5
{[%clk 1:31:19]} 3. e4 {[%clk 1:29:05]} d6 {[%clk 1:31:44]} 4. Nc3
{[%clk 1:29:31]} Nf6 {[%clk 1:32:10]} 5. Be2 {[%clk 1:28:11]} Nbd7
{[%clk 1:31:30]} 6. Nf3 {[%clk 1:28:30]} a6 {[%clk 1:31:44]} 7. a4
{[%clk 1:28:55]} g6 {[%clk 1:32:09]} 8. Nd2 {[%clk 1:29:14]} Bg7 {[%clk 1:32:11]}
9. g4 {[%clk 1:03:00]} h5 {[%clk 1:30:03]} 10. g5 {[%clk 1:02:31]} Nh7
{[%clk 1:30:22]} 11. h4 {[%clk 0:58:46]} Rb8 {[%clk 1:23:40]} 12. Nc4
{[%clk 0:58:23]} Nb6 {[%clk 1:23:37]} 13. Ne3 {[%clk 0:58:41]} Bd7
{[%clk 1:23:34]} 14. a5 {[%clk 0:58:22]} Nc8 {[%clk 1:24:03]} 15. Rg1
{[%clk 0:56:16]} O-O {[%clk 1:15:53]} 16. Bxh5 {[%clk 0:41:16]} gxh5
{[%clk 1:16:16]} 17. Nf5 {[%clk 0:41:43]} Ne7 {[%clk 1:11:38]} 18. Nxg7
{[%clk 0:40:45]} Kxg7 {[%clk 1:11:52]} 19. Qxh5 {[%clk 0:41:09]} Kh8
{[%clk 1:08:16]} 20. Be3 {[%clk 0:33:24]} Be8 {[%clk 1:00:44]} 21. Qg4
{[%clk 0:27:54]} Rg8 {[%clk 0:56:40]} 22. h5 {[%clk 0:20:51]} f6 {[%clk 0:55:00]}
23. g6 {[%clk 0:21:02]} Bxg6 {[%clk 0:55:21]} 24. hxg6 {[%clk 0:18:33]} Rxg6
{[%clk 0:55:39]} 25. Qxg6 {[%clk 0:18:57]} Nxg6 {[%clk 0:56:07]} 26. Rxg6
{[%clk 0:19:18]} Qe8 {[%clk 0:54:51]} 27. Rh6 {[%clk 0:18:15]} Qf7
{[%clk 0:53:42]} 28. O-O-O {[%clk 0:12:35]} Rg8 {[%clk 0:54:04]} 29. Rdh1
{[%clk 0:12:55]} Rg7 {[%clk 0:54:33]} 30. Ne2 {[%clk 0:13:13]} Kg8
{[%clk 0:49:25]} 31. Ng3 {[%clk 0:12:57]} Rxg3 {[%clk 0:48:22]} 32. fxg3
{[%clk 0:13:10]} Nf8 {[%clk 0:48:47]} 33. Rf1 {[%clk 0:07:44]} Nh7
{[%clk 0:48:06]} 34. g4 {[%clk 0:06:05]} Qd7 {[%clk 0:47:21]} 35. g5
{[%clk 0:02:04]} Qb5 {[%clk 0:44:43]} 36. Rg1 {[%clk 0:01:32]} fxg5
{[%clk 0:40:45]} 37. Rxd6 {[%clk 0:01:41]} Qe2 {[%clk 0:40:11]} 38. Bxc5
{[%clk 0:00:58]} Qxe4 {[%clk 0:40:14]} 39. Rd8+ {[%clk 0:00:38]} Kf7
{[%clk 0:39:54]} 40. d6 {[%clk 0:30:43]} Qd5 {[%clk 1:06:11]} 41. b4
{[%clk 0:26:51]} Nf6 {[%clk 1:02:15]} 42. Rd1 {[%clk 0:24:06]} Qa2
{[%clk 1:00:32]} 43. Rf8+ {[%clk 0:21:25]} Kg7 {[%clk 0:54:50]} 44. Rxf6
{[%clk 0:21:38]} e4 {[%clk 0:53:55]} 45. Bd4 {[%clk 0:20:52]} e3 {[%clk 0:53:38]}
46. d7 {[%clk 0:20:18]} e2 {[%clk 0:53:45]} 47. Rf2+ {[%clk 0:20:26]} Kg6
{[%clk 0:53:57]} 48. Rxe2 {[%clk 0:20:47]} 1-0

[Event "Aleksandria Cup"]
[Site "?"]
[Date "2015.07.14"]
[Round "3.18"]
[White "Gaboyan, Susanna"]
[Black "Javakhadze, Zurab"]
[Result "1/2-1/2"]
[LiveChessVersion "1.3.1"]
[BlackElo "2415"]
[WhiteElo "2165"]

1. d4 {[%clk 1:25:21]} d5 2. c4 {[%clk 1:25:21]} e6 3. Nf3 {[%clk 1:25:21]} Nf6
4. e3 {[%clk 1:25:21]} Be7 {[%clk 1:17:42]} 5. Bd3 {[%clk 1:25:21]} O-O
{[%clk 1:17:42]} 6. O-O {[%clk 1:25:21]} b6 {[%clk 1:17:42]} 7. b3
{[%clk 1:25:21]} Bb7 {[%clk 1:17:42]} 8. Bb2 {[%clk 1:25:21]} Nbd7
{[%clk 1:17:42]} 9. Nbd2 {[%clk 1:25:21]} Ne4 {[%clk 1:17:42]} 10. Qe2
{[%clk 1:25:21]} a6 {[%clk 1:17:42]} 11. Rfd1 {[%clk 1:25:21]} Bd6
{[%clk 1:17:42]} 12. Ne5 {[%clk 1:23:14]} Qe7 {[%clk 1:17:42]} 13. Nxd7
{[%clk 1:23:14]} Qxd7 {[%clk 1:17:42]} 14. Nf1 {[%clk 1:23:14]} Qe7
{[%clk 1:17:42]} 15. f3 {[%clk 1:23:14]} Nf6 {[%clk 1:17:42]} 16. e4
{[%clk 1:23:14]} dxe4 {[%clk 1:17:42]} 17. fxe4 {[%clk 1:23:14]} e5
{[%clk 1:17:42]} 18. d5 {[%clk 1:23:14]} g6 {[%clk 1:17:42]} 19. Ne3
{[%clk 1:23:14]} Nh5 {[%clk 1:17:42]} 20. g3 {[%clk 1:23:14]} Ng7
{[%clk 1:17:42]} 21. Rf1 {[%clk 1:23:14]} h5 {[%clk 1:17:42]} 22. Rf2
{[%clk 1:23:14]} Bc8 {[%clk 1:17:42]} 23. Kg2 {[%clk 1:23:14]} f5
{[%clk 1:17:42]} 24. exf5 {[%clk 1:23:14]} gxf5 {[%clk 1:17:42]} 25. Raf1
{[%clk 1:23:14]} Qg5 {[%clk 1:17:42]} 26. Kh1 {[%clk 1:23:14]} Bd7
{[%clk 1:17:42]} 27. Bc1 {[%clk 1:23:14]} Qg6 {[%clk 1:17:42]} 28. Ng2
{[%clk 1:23:14]} e4 {[%clk 1:17:42]} 29. Bc2 {[%clk 1:23:14]} Rae8
{[%clk 1:17:42]} 30. Be3 {[%clk 1:23:14]} Re7 {[%clk 1:17:42]} 31. Bd1
{[%clk 1:23:14]} Be8 {[%clk 1:17:42]} 32. Qd2 {[%clk 1:23:14]} a5
{[%clk 1:17:42]} 33. Nh4 {[%clk 0:21:24]} Qh7 34. Be2 1/2-1/2

[Event "Aleksandria Cup"]
[Site "?"]
[Date "2015.07.14"]
[Round "3.19"]
[White "Matevosyan, Sedrak"]
[Black "Beradze, Irakli"]
[Result "0-1"]
[LiveChessVersion "1.3.1"]
[BlackElo "2375"]
[WhiteElo "2145"]

1. Nf3 {[%clk 1:30:55]} d5 {[%clk 1:27:32]} 2. d4 {[%clk 1:30:31]} c6
{[%clk 1:25:22]} 3. c4 {[%clk 1:30:45]} e6 {[%clk 1:22:27]} 4. e3
{[%clk 1:29:50]} f5 {[%clk 1:22:03]} 5. Be2 {[%clk 1:26:51]} Nf6 {[%clk 1:19:54]}
6. O-O {[%clk 1:27:14]} Bd6 {[%clk 1:20:21]} 7. b3 {[%clk 1:27:35]} Qe7
{[%clk 1:20:47]} 8. Bb2 {[%clk 1:27:12]} O-O {[%clk 1:20:28]} 9. Qc1
{[%clk 1:26:49]} Nbd7 {[%clk 1:17:54]} 10. Ba3 {[%clk 1:25:00]} Ne4
{[%clk 1:18:07]} 11. Bxd6 {[%clk 1:24:10]} Qxd6 {[%clk 1:18:29]} 12. Qa3
{[%clk 1:22:22]} Qb8 {[%clk 1:05:21]} 13. Nbd2 {[%clk 1:10:45]} Qd6
{[%clk 0:50:54]} 14. Qxd6 {[%clk 1:04:13]} Nxd6 {[%clk 0:50:18]} 15. b4
{[%clk 1:00:01]} Nf6 {[%clk 0:33:27]} 16. Ne5 {[%clk 0:55:12]} Bd7
{[%clk 0:32:31]} 17. Nb3 {[%clk 0:52:30]} Rfe8 {[%clk 0:26:29]} 18. Na5
{[%clk 0:43:30]} dxc4 {[%clk 0:20:32]} 19. Naxc4 {[%clk 0:42:14]} Nxc4
{[%clk 0:20:40]} 20. Bxc4 {[%clk 0:37:21]} Kf8 {[%clk 0:19:01]} 21. a4
{[%clk 0:32:18]} Ke7 {[%clk 0:16:25]} 22. Rfb1 {[%clk 0:27:01]} Rec8
{[%clk 0:14:56]} 23. Kf1 {[%clk 0:26:12]} Ne4 {[%clk 0:14:46]} 24. Rb2
{[%clk 0:23:16]} Nd6 {[%clk 0:14:53]} 25. Bd3 {[%clk 0:23:02]} a5
{[%clk 0:11:01]} 26. Rab1 {[%clk 0:17:09]} axb4 {[%clk 0:10:06]} 27. Rxb4
{[%clk 0:17:31]} Ra7 {[%clk 0:10:25]} 28. Ke2 {[%clk 0:13:14]} Rca8
{[%clk 0:10:22]} 29. Bc2 {[%clk 0:12:56]} Bc8 {[%clk 0:08:49]} 30. f3
{[%clk 0:12:16]} Ra5 {[%clk 0:08:57]} 31. Nd3 {[%clk 0:11:06]} b5
{[%clk 0:04:42]} 32. Nc5 {[%clk 0:10:12]} R8a7 {[%clk 0:01:48]} 33. e4
{[%clk 0:06:06]} fxe4 {[%clk 0:01:32]} 34. fxe4 bxa4 35. Nxa4 {[%clk 0:03:14]} e5
{[%clk 0:00:59]} 36. Ke3 {[%clk 0:02:01]} exd4+ {[%clk 0:01:20]} 37. Kxd4
{[%clk 0:01:29]} Nb5+ {[%clk 0:01:22]} 38. Ke3 {[%clk 0:01:34]} Na3
{[%clk 0:01:21]} 39. Nb6 {[%clk 0:01:00]} Nxc2+ {[%clk 0:01:09]} 40. Kd2
{[%clk 0:30:50]} Nxb4 {[%clk 0:30:33]} 41. Nxc8+ {[%clk 0:31:14]} Kd8
{[%clk 0:19:02]} 42. Nxa7 {[%clk 0:31:31]} c5 {[%clk 0:19:29]} 43. Rc1
{[%clk 0:26:22]} Rxa7 {[%clk 0:16:16]} 44. Rxc5 {[%clk 0:26:42]} Rd7+
{[%clk 0:16:11]} 45. Ke3 {[%clk 0:27:00]} Ke7 {[%clk 0:15:29]} 46. h4
{[%clk 0:27:01]} Nd3 {[%clk 0:14:18]} 47. Rg5 {[%clk 0:24:41]} Ke6
{[%clk 0:12:58]} 48. Rb5 {[%clk 0:23:50]} Ne5 {[%clk 0:13:01]} 49. Rb6+
{[%clk 0:23:42]} Rd6 {[%clk 0:13:13]} 50. Rb7 {[%clk 0:24:07]} Nf7
{[%clk 0:13:01]} 51. Kf4 {[%clk 0:24:21]} Rd1 {[%clk 0:12:44]} 52. Ra7
{[%clk 0:23:51]} g6 {[%clk 0:12:12]} 53. g3 {[%clk 0:20:53]} h6 {[%clk 0:12:26]}
54. Ra6+ {[%clk 0:21:07]} Nd6 {[%clk 0:11:34]} 55. h5 {[%clk 0:19:18]} g5+
{[%clk 0:10:45]} 56. Kf3 {[%clk 0:19:22]} Rd3+ {[%clk 0:10:43]} 57. Kg4
{[%clk 0:19:45]} Re3 {[%clk 0:10:59]} 0-1